000 00864cam a2200253 a 4500
001 4800421
003 NUST-PNEC
005 20170116180707.0
008 880224s1988 ne a b 000 0 eng
010 _a 88003912
020 _a0444428046
040 _cPNEC
050 0 0 _aTA467
_b.D87 1988
082 0 0 _a620.1123 DUR
100 1 _aDuring, Evert D. D.,
_d1933-
245 1 0 _aCorrosion atlas : Vol-1 & Vol-2
_ba collection of illustrated case histories /
_ccompiled by Evert D.D. During.
260 _aAmsterdam ;
_aNew York :
_bElsevier,
_c1988.
300 _a2 v. (loose-leaf) :
_bill. (some col.) ;
_c32 cm.
504 _aIncludes bibliography.
505 0 _av. 1. Carbon steels -- v. 2. Stainless steels and non-ferro materials.
650 0 _aCorrosion and anti-corrosives
_xME
906 _a7
_bcbc
_corignew
_d1
_eocip
_f19
_gy-gencatlg
942 _2ddc
_cBK
999 _c60774
_d60774